[Event "GER-ch Seniors 65 31st"]
[Site "Radebeul"]
[Date "2019.05.02"]
[Round "7"]
[White "Falk, Thomas"]
[Black "Kracht, Helmut"]
[Result "1/2-1/2"]
[WhiteElo "2135"]
[BlackElo "1989"]
[PlyCount "38"]
[EventDate "2019.04.26"]
[EventType "swiss"]
[EventRounds "9"]
[EventCountry "GER"]
[SourceTitle "CBM 190 Extra"]
[Source "ChessBase"]
[SourceDate "2019.07.15"]
[SourceVersion "1"]
[SourceVersionDate "2019.07.15"]
[SourceQuality "1"]

1. Nf3 Nf6 2. c4 c6 3. d4 d5 4. Nbd2 Bf5 5. g3 e6 6. Bg2 Bb4 7. 0-0 0-0 8. Qb3 Qe7 9. Ne5 Na6 10. Ndf3 dxc4 11. Nxc4 b5 12. Nce5 Be4 13. Bg5 Rfd8 14. Rfd1 h6 15. Bxf6 Qxf6 16. a3 Bd6 17. a4 Nb4 18. Rd2 a5 19. Rc1 Rac8 1/2-1/2

[Event "GER-ch Seniors 65 31st"]
[Site "Radebeul"]
[Date "2019.05.01"]
[Round "6"]
[White "Mueller, Lutz"]
[Black "Falk, Thomas"]
[Result "1/2-1/2"]
[WhiteElo "1985"]
[BlackElo "2135"]
[PlyCount "38"]
[EventDate "2019.04.26"]
[EventType "swiss"]
[EventRounds "9"]
[EventCountry "GER"]
[SourceTitle "CBM 190 Extra"]
[Source "ChessBase"]
[SourceDate "2019.07.15"]
[SourceVersion "1"]
[SourceVersionDate "2019.07.15"]
[SourceQuality "1"]

1. d4 d5 2. Nf3 Nf6 3. e3 e6 4. Bd3 c5 5. b3 Be7 6. 0-0 0-0 7. Nbd2 b6 8. Qe2 Nc6 9. a3 Bb7 10. Bb2 Qc7 11. Ne5 Nxe5 12. dxe5 Ne4 13. Bxe4 dxe4 14. Qg4 Qc6 15. Nc4 Ba6 16. Rfd1 Bxc4 17. bxc4 g6 18. f3 exf3 19. Qxf3 Qxf3 1/2-1/2

[Event "BL2-West 1819"]
[Site "Germany"]
[Date "2018.12.16"]
[Round "4.6"]
[White "Ackermann, Hans Werner"]
[Black "Falk, Thomas"]
[Result "0-1"]
[WhiteElo "2275"]
[BlackElo "2121"]
[PlyCount "76"]
[EventDate "2018.11.21"]
[EventType "team-tourn"]
[EventRounds "9"]
[EventCountry "GER"]
[SourceTitle "CBM 190 Extra"]
[Source "ChessBase"]
[SourceDate "2019.07.15"]
[SourceVersion "1"]
[SourceVersionDate "2019.07.15"]
[SourceQuality "1"]
[WhiteTeam "Dortmund Hansa"]
[BlackTeam "Oberursel"]
[WhiteTeamCountry "GER"]
[BlackTeamCountry "GER"]

1. Nf3 Nf6 2. b3 d5 3. Bb2 Bf5 4. g3 e6 5. Bg2 Be7 6. d3 h6 7. Nbd2 0-0 8. 0-0 c6 9. Ne5 Nbd7 10. Nxd7 Nxd7 11. e4 Bh7 12. Qe2 a5 13. a4 Re8 14. Kh1 Bf8 15. f4 Nc5 16. Qf2 Qd7 17. Rad1 b5 18. Bd4 Na6 19. axb5 cxb5 20. exd5 exd5 21. Nf3 f6 22. Rfe1 Nb4 23. Rxe8 Rxe8 24. Re1 Rxe1+ 25. Nxe1 Bf5 26. Qd2 a4 27. bxa4 bxa4 28. c3 Na6 29. Bf2 Be6 30. Qa2 Nc5 31. Nc2 Nb3 32. Nd4 Nxd4 33. Bxd4 Qb5 34. h4 Qb3 35. Qxb3 axb3 36. c4 dxc4 37. dxc4 Bxc4 38. Bf3 f5 0-1

[Event "Magdeburg Roechling Jubilee 2nd"]
[Site "Magdeburg"]
[Date "2018.03.03"]
[Round "8"]
[White "Achenbach, Manfred"]
[Black "Falk, Thomas"]
[Result "1/2-1/2"]
[WhiteElo "2093"]
[BlackElo "2066"]
[PlyCount "39"]
[EventDate "2018.02.24"]
[EventType "swiss"]
[EventRounds "9"]
[EventCountry "GER"]
[SourceTitle "EXT 2019"]
[Source "ChessBase"]
[SourceDate "2018.10.10"]
[SourceVersion "1"]
[SourceVersionDate "2018.10.10"]
[SourceQuality "1"]

1. Nf3 Nf6 2. c4 c5 3. g3 d5 4. Bg2 Nc6 5. 0-0 e5 6. d3 Be7 7. cxd5 Nxd5 8. Nc3 Be6 9. Bd2 0-0 10. Rc1 Rc8 11. Ne4 b6 12. Neg5 Bxg5 13. Nxg5 Qd7 14. Nxe6 Qxe6 15. a3 Rfd8 16. Rc4 Rc7 17. Rh4 Nce7 18. Bh3 Qd6 19. Qc2 Ng6 20. Re4 1/2-1/2

[Event "Niederrhein-ch"]
[Site "Kamp Lintfort"]
[Date "2017.04.13"]
[Round "6"]
[White "Falk, Thomas"]
[Black "Komans, Dieter"]
[Result "0-1"]
[WhiteElo "2084"]
[BlackElo "2039"]
[PlyCount "42"]
[EventDate "2017.04.08"]
[EventType "swiss"]
[EventRounds "7"]
[EventCountry "GER"]
[SourceTitle "EXT 2022"]
[Source "ChessBase"]
[SourceDate "2021.10.06"]
[SourceVersion "1"]
[SourceVersionDate "2021.10.06"]
[SourceQuality "1"]

1. d4 d5 2. Nf3 c5 3. c3 e6 4. Bf4 Nc6 5. e3 Nf6 6. Nbd2 cxd4 7. exd4 Be7 8. Bd3 0-0 9. Qc2 b6 10. Ne5 Bb7 11. 0-0-0 Nb4 12. Qb1 Rc8 13. a3 Nxd3+ 14. Qxd3 Qe8 15. h4 Qa4 16. h5 Bxa3 17. bxa3 Qxa3+ 18. Kc2 Ba6 19. c4 Qa2+ 20. Kc3 dxc4 21. Ndxc4 Nd5# 0-1

[Event "Schleswig Holstein-ch Seniors op 10th"]
[Site "Buesum"]
[Date "2016.10.04"]
[Round "9"]
[White "Urbanek, Paul Gerhard"]
[Black "Falk, Thomas"]
[Result "0-1"]
[WhiteElo "1891"]
[BlackElo "2083"]
[PlyCount "84"]
[EventDate "2016.09.26"]
[EventType "swiss"]
[EventRounds "9"]
[EventCountry "GER"]
[SourceTitle "EXT 2019"]
[Source "ChessBase"]
[SourceDate "2018.10.10"]
[SourceVersion "1"]
[SourceVersionDate "2018.10.10"]
[SourceQuality "1"]

1. e4 e5 2. Nf3 Nc6 3. Bb5 a6 4. Ba4 Nf6 5. Nc3 d6 6. h3 Be7 7. 0-0 0-0 8. d4 Nxd4 9. Nxd4 exd4 10. Qxd4 b5 11. e5 c5 12. Qe3 dxe5 13. Nxb5 axb5 14. Bxb5 Ba6 15. Bxa6 Rxa6 16. Bd2 Qc7 17. Bc3 Re6 18. Rfd1 Rd8 19. Qe1 Rxd1 20. Rxd1 Rd6 21. Rxd6 Bxd6 22. a4 Nd5 23. Bd2 Nb4 24. Qe4 Qc6 25. Qxc6 Nxc6 26. a5 Nb8 27. b3 f5 28. Kf1 Kf7 29. Ke2 Ke6 30. f3 Kd5 31. Be3 Bc7 32. c4+ Ke6 33. Bd2 Nc6 34. Bc3 g6 35. g4 Nb4 36. h4 Kd6 37. Bxb4 cxb4 38. a6 Bb6 39. Kd3 Bc5 40. h5 Kc6 41. h6 Kb6 42. g5 Kxa6 0-1

[Event "Schleswig Holstein-ch Seniors op 10th"]
[Site "Buesum"]
[Date "2016.10.03"]
[Round "8"]
[White "Falk, Thomas"]
[Black "Luebeck, Stephan"]
[Result "1/2-1/2"]
[WhiteElo "2083"]
[BlackElo "2005"]
[PlyCount "25"]
[EventDate "2016.09.26"]
[EventType "swiss"]
[EventRounds "9"]
[EventCountry "GER"]
[SourceTitle "EXT 2019"]
[Source "ChessBase"]
[SourceDate "2018.10.10"]
[SourceVersion "1"]
[SourceVersionDate "2018.10.10"]
[SourceQuality "1"]

1. d4 g6 2. c4 Bg7 3. e4 d6 4. Nc3 Nc6 5. Be3 e5 6. d5 Nd4 7. Nge2 Nxe2 8. Bxe2 f5 9. f3 Bh6 10. Bf2 Nf6 11. 0-0 0-0 12. c5 fxe4 13. Nxe4 1/2-1/2

[Event "Schleswig Holstein-ch Seniors op 10th"]
[Site "Buesum"]
[Date "2016.09.28"]
[Round "3"]
[White "Thormann, Wolfgang"]
[Black "Falk, Thomas"]
[Result "1/2-1/2"]
[WhiteElo "2203"]
[BlackElo "2083"]
[PlyCount "68"]
[EventDate "2016.09.26"]
[EventType "swiss"]
[EventRounds "9"]
[EventCountry "GER"]
[SourceTitle "EXT 2019"]
[Source "ChessBase"]
[SourceDate "2018.10.10"]
[SourceVersion "1"]
[SourceVersionDate "2018.10.10"]
[SourceQuality "1"]

1. e4 e5 2. Nf3 Nc6 3. Bc4 Nf6 4. d4 exd4 5. e5 d5 6. Bb5 Ne4 7. Nxd4 Bc5 8. 0-0 0-0 9. Bxc6 bxc6 10. Be3 Bd7 11. f3 Ng5 12. f4 Ne4 13. Nd2 Nxd2 14. Qxd2 f6 15. Nf3 Qe7 16. c3 Rfe8 17. Rae1 Bxe3+ 18. Rxe3 Qf7 19. Qd4 Bg4 20. Nd2 Bf5 21. Rfe1 Rab8 22. b4 a5 23. a3 a4 24. h3 h5 25. Qc5 Qd7 26. exf6 gxf6 27. Re7 Rxe7 28. Rxe7 Qd6 29. Qxd6 cxd6 30. Ra7 Re8 31. Kf2 Bd3 32. Nf3 Re2+ 33. Kg3 Bb5 34. Nd4 Re3+ 1/2-1/2

[Event "WchT Seniors 65"]
[Site "Radebeul"]
[Date "2016.07.04"]
[Round "9.17"]
[White "Falk, Thomas"]
[Black "Murray, Jim G"]
[Result "1-0"]
[WhiteElo "2094"]
[BlackElo "1834"]
[PlyCount "147"]
[EventDate "2016.06.26"]
[EventType "team-swiss"]
[EventRounds "9"]
[EventCountry "GER"]
[SourceTitle "CBM 173 Extra"]
[Source "ChessBase"]
[SourceDate "2016.08.29"]
[SourceVersion "1"]
[SourceVersionDate "2016.08.29"]
[SourceQuality "1"]
[WhiteTeam "Hessen II"]
[BlackTeam "Ireland"]
[WhiteTeamCountry "GER"]
[BlackTeamCountry "IRL"]

1. Nf3 Nf6 2. c4 e6 3. g3 b6 4. Bg2 Bb7 5. 0-0 Be7 6. d4 0-0 7. Nc3 d6 8. Qc2 Nbd7 9. e4 e5 10. b3 Re8 11. Bb2 Bf8 12. Rfe1 g6 13. Rad1 exd4 14. Nxd4 Bg7 15. Nd5 a6 16. Nxf6+ Bxf6 17. Bc1 Bg7 18. f4 Rb8 19. Ne2 Qc8 20. Nc3 Nf6 21. Bb2 Ba8 22. Rd2 b5 23. Nd5 Bxd5 24. cxd5 Re7 25. Rde2 Ne8 26. Bxg7 Kxg7 27. e5 Qb7 28. Qc3 Kg8 29. g4 b4 30. Qf3 Qb6+ 31. Kh1 Qd4 32. Qe4 Qc3 33. Qc2 Rb5 34. Qxc3 bxc3 35. Kg1 Rc5 36. Kf2 c2 37. Rc1 dxe5 38. fxe5 Ng7 39. Kg3 h5 40. h3 g5 41. Be4 c6 42. dxc6 h4+ 43. Kh2 Ne8 44. Rcxc2 Rexe5 45. Rxc5 Rxc5 46. b4 Rc3 47. Bd5 Nc7 48. Bg2 Kf8 49. Rd2 Re3 50. Rd8+ Re8 51. Rxe8+ Kxe8 52. a4 Ke7 53. Bf1 Kd6 54. b5 axb5 55. axb5 Nd5 56. Kg2 Ne7 57. Kf3 Kc7 58. Ke4 f6 59. Kd4 Kb6 60. Be2 f5 61. gxf5 Nxf5+ 62. Ke5 Ne3 63. Ke4 Ng2 64. Bg4 Ne1 65. Kf5 Nc2 66. Kxg5 Nd4 67. Kxh4 Nxb5 68. Bd7 Kc7 69. Kg5 Kd6 70. Kf6 Nd4 71. h4 Nf3 72. h5 Ne5 73. h6 Nxd7+ 74. cxd7 1-0

[Event "WchT Seniors 65"]
[Site "Radebeul"]
[Date "2016.06.28"]
[Round "3.4"]
[White "Falk, Thomas"]
[Black "Zanger, Konrad"]
[Result "1-0"]
[WhiteElo "2094"]
[BlackElo "1777"]
[PlyCount "63"]
[EventDate "2016.06.26"]
[EventType "team-swiss"]
[EventRounds "9"]
[EventCountry "GER"]
[SourceTitle "CBM 173 Extra"]
[Source "ChessBase"]
[SourceDate "2016.08.29"]
[SourceVersion "1"]
[SourceVersionDate "2016.08.29"]
[SourceQuality "1"]
[WhiteTeam "Hessen II"]
[BlackTeam "Saxone"]
[WhiteTeamCountry "GER"]
[BlackTeamCountry "GER"]

1. Nf3 Nf6 2. c4 e6 3. g3 g6 4. Bg2 Bg7 5. 0-0 0-0 6. d4 c6 7. Bf4 d5 8. Nbd2 Nh5 9. Bg5 Bf6 10. h4 Nd7 11. e4 Bxg5 12. hxg5 b6 13. Qc2 Bb7 14. Rfe1 Rc8 15. b3 c5 16. dxc5 Nxc5 17. exd5 exd5 18. Rad1 Re8 19. Rxe8+ Qxe8 20. Nd4 Ng7 21. cxd5 Qd8 22. Nc6 Qxg5 23. b4 Nd7 24. Ne4 Qh5 25. Ne7+ Kf8 26. Nxc8 Bxc8 27. Qxc8+ Ne8 28. Rd2 Qe5 29. Qxd7 f5 30. Ng5 Nd6 31. Ne6+ Kg8 32. Qd8+ 1-0

[Event "Moenchengladbach sim"]
[Site "Moenchengladbach"]
[Date "2016.06.02"]
[Round "1.1"]
[White "Kasparov, Garry"]
[Black "Falk, Thomas"]
[Result "1-0"]
[WhiteElo "2812"]
[BlackElo "2094"]
[PlyCount "69"]
[EventDate "2016.06.02"]
[EventType "simul"]
[EventRounds "1"]
[EventCountry "GER"]
[SourceTitle "CBM 172 Extra"]
[Source "ChessBase"]
[SourceDate "2016.06.21"]
[SourceVersion "1"]
[SourceVersionDate "2016.06.21"]
[SourceQuality "1"]

1. e4 e6 2. d3 d5 3. Nd2 c5 4. Ngf3 Nc6 5. g3 Bd6 6. Bg2 Ne5 7. Nxe5 Bxe5 8. exd5 exd5 9. Qe2 Qe7 10. Bxd5 Nf6 11. Bg2 0-0 12. Nc4 Re8 13. 0-0 Rb8 14. Qxe5 Qxe5 15. Nxe5 Rxe5 16. Bf4 Nd7 17. Bxe5 Nxe5 18. Rfe1 f6 19. f4 Nc6 20. Bxc6 bxc6 21. Re8+ Kf7 22. Rae1 Ra8 23. f5 Bxf5 24. Rxa8 Kg6 25. Rxa7 Kh6 26. Ree7 g5 27. a4 c4 28. a5 cxd3 29. cxd3 Bxd3 30. Rac7 Bb5 31. Rxh7+ Kg6 32. g4 f5 33. h3 f4 34. Rhe7 Kf6 35. Kf2 1-0

[Event "Hessen-ch Seniors op 12th"]
[Site "Bad Sooden-Allendorf"]
[Date "2016.05.05"]
[Round "6"]
[White "Schulz, Michael"]
[Black "Falk, Thomas"]
[Result "1-0"]
[WhiteElo "2145"]
[BlackElo "2048"]
[PlyCount "73"]
[EventDate "2016.04.30"]
[EventType "swiss"]
[EventRounds "9"]
[EventCountry "GER"]
[SourceTitle "EXT 2019"]
[Source "ChessBase"]
[SourceDate "2018.10.10"]
[SourceVersion "1"]
[SourceVersionDate "2018.10.10"]
[SourceQuality "1"]

1. d4 d5 2. Bg5 h6 3. Bh4 c5 4. Nc3 Nc6 5. e3 cxd4 6. exd4 a6 7. Nf3 Bg4 8. Be2 g6 9. Ne5 Bxe2 10. Nxe2 Bg7 11. Nxc6 bxc6 12. c3 Nf6 13. Qa4 Qd7 14. 0-0 0-0 15. Rfe1 e6 16. Bxf6 Bxf6 17. Nf4 Be7 18. Qc2 Bf6 19. Nd3 Qc7 20. Re3 Rfe8 21. Rae1 Re7 22. g3 Rae8 23. f4 Bg7 24. Kg2 a5 25. h4 h5 26. Qe2 Bf6 27. Kh3 Kg7 28. Qc2 Rb8 29. R3e2 Rd7 30. Nc5 Rdd8 31. Na6 Qc8 32. Nxb8 e5+ 33. f5 gxf5 34. dxe5 Bxh4 35. gxh4 Kh8 36. e6 Qxb8 37. Qxf5 1-0

[Event "Hessen-ch Seniors op 12th"]
[Site "Bad Sooden-Allendorf"]
[Date "2016.05.02"]
[Round "3"]
[White "Falk, Thomas"]
[Black "Rueberg, Jobst"]
[Result "1-0"]
[WhiteElo "2048"]
[BlackElo "2136"]
[PlyCount "129"]
[EventDate "2016.04.30"]
[EventType "swiss"]
[EventRounds "9"]
[EventCountry "GER"]
[SourceTitle "EXT 2019"]
[Source "ChessBase"]
[SourceDate "2018.10.10"]
[SourceVersion "1"]
[SourceVersionDate "2018.10.10"]
[SourceQuality "1"]

1. d4 Nf6 2. c4 e6 3. Nf3 b6 4. g3 Ba6 5. b3 Bb7 6. Bg2 Bb4+ 7. Bd2 a5 8. 0-0 0-0 9. Nc3 d6 10. Qc2 Nbd7 11. Rfe1 Bxc3 12. Bxc3 Be4 13. Qd2 Qe7 14. Qe3 Rfe8 15. Rad1 h6 16. Bh3 Bb7 17. Bg2 Rab8 18. Bb2 Ba6 19. Qc1 Bb7 20. Ba3 Be4 21. Ne5 Bxg2 22. Kxg2 Ra8 23. Nc6 Qf8 24. e4 Nb8 25. Nxb8 Rexb8 26. e5 Ne8 27. d5 Qe7 28. dxe6 fxe6 29. Qe3 Rd8 30. exd6 Nxd6 31. Qxe6+ Qxe6 32. Rxe6 Kf7 33. Re5 c5 34. Red5 Nb7 35. Bb2 g6 36. Rd7+ Ke6 37. Rxd8 Nxd8 38. Re1+ Kf7 39. Bc1 h5 40. Rd1 Ke6 41. Bf4 Nf7 42. a4 Rc8 43. h4 Rc6 44. Kf3 Rc8 45. Ke4 Re8 46. Kf3 Rc8 47. Rd5 Rc6 48. Ke4 Rc8 49. f3 Rc6 50. g4 hxg4 51. fxg4 Ke7 52. Bg5+ Ke8 53. Kf4 Re6 54. Rd3 Re1 55. Bf6 Kf8 56. Re3 Rf1+ 57. Rf3 Re1 58. h5 gxh5 59. gxh5 Rh1 60. Kg4 Rg1+ 61. Kf5 Rh1 62. Kg6 Rg1+ 63. Kh7 Rh1 64. Bg7+ Ke7 65. Kg8 1-0

[Event "GER-chA Seniors 27th"]
[Site "Magdeburg"]
[Date "2015.08.23"]
[Round "9"]
[White "Falk, Thomas"]
[Black "Hellwege, Werner"]
[Result "1-0"]
[WhiteElo "2056"]
[BlackElo "1926"]
[PlyCount "107"]
[EventDate "2015.08.15"]
[EventType "swiss"]
[EventRounds "9"]
[EventCountry "GER"]
[SourceTitle "EXT 2018"]
[Source "ChessBase"]
[SourceDate "2017.10.13"]
[SourceVersion "1"]
[SourceVersionDate "2017.10.13"]
[SourceQuality "1"]

1. Nf3 d5 2. d4 Nf6 3. c4 c6 4. Nc3 Nbd7 5. cxd5 cxd5 6. Bf4 e6 7. e3 Qa5 8. Bd3 Bb4 9. Qb3 Ne4 10. Bxe4 dxe4 11. Nd2 Nf6 12. Nc4 Bxc3+ 13. bxc3 Qa6 14. Nd6+ Kf8 15. Nb5 Ne8 16. 0-0 Bd7 17. a4 Qc6 18. c4 a6 19. Qb4+ Kg8 20. d5 exd5 21. cxd5 Qxd5 22. Rfd1 Qh5 23. Rxd7 axb5 24. Qxe4 Nf6 25. Qxb7 Re8 26. Rc7 bxa4 27. Rc8 h6 28. Rxe8+ Nxe8 29. Qa8 Qb5 30. Qxa4 Qxa4 31. Rxa4 Nf6 32. Ra7 Ne4 33. Be5 f6 34. Bd4 Kh7 35. Rd7 Rb8 36. h4 Nd2 37. Ra7 Kg8 38. g4 Nc4 39. Kg2 Ne5 40. Bxe5 fxe5 41. Ra5 Re8 42. Kf3 Kf7 43. Ke4 Kf6 44. Ra6+ Kf7 45. Kf5 Re7 46. g5 hxg5 47. hxg5 Re8 48. g6+ Kf8 49. Re6 Rb8 50. Rxe5 Rb2 51. f4 Ra2 52. Re6 Rg2 53. Ke5 Rg5+ 54. fxg5 1-0

[Event "GER-chA Seniors 27th"]
[Site "Magdeburg"]
[Date "2015.08.22"]
[Round "8"]
[White "Schmitt, Karl"]
[Black "Falk, Thomas"]
[Result "1/2-1/2"]
[WhiteElo "1922"]
[BlackElo "2056"]
[PlyCount "50"]
[EventDate "2015.08.15"]
[EventType "swiss"]
[EventRounds "9"]
[EventCountry "GER"]
[SourceTitle "EXT 2018"]
[Source "ChessBase"]
[SourceDate "2017.10.13"]
[SourceVersion "1"]
[SourceVersionDate "2017.10.13"]
[SourceQuality "1"]

1. Nf3 Nf6 2. c4 c5 3. g3 d5 4. cxd5 Nxd5 5. Nc3 Nc6 6. Bg2 Nc7 7. 0-0 e5 8. d3 Be7 9. Bd2 Be6 10. b3 Rc8 11. Rc1 f6 12. Ne4 b6 13. Bc3 0-0 14. Bb2 Qd7 15. a3 Nd5 16. Nc3 Nd4 17. Nxd5 Bxd5 18. Nd2 Bxg2 19. Kxg2 Qd5+ 20. e4 Qd7 21. Bxd4 Qxd4 22. Nf3 Qd7 23. Qc2 c4 24. dxc4 Bxa3 25. Rcd1 Qb7 1/2-1/2

[Event "GER-chA Seniors 27th"]
[Site "Magdeburg"]
[Date "2015.08.19"]
[Round "5"]
[White "Falk, Thomas"]
[Black "Ozeran, Volodymyr"]
[Result "0-1"]
[WhiteElo "2056"]
[BlackElo "2133"]
[PlyCount "58"]
[EventDate "2015.08.15"]
[EventType "swiss"]
[EventRounds "9"]
[EventCountry "GER"]
[SourceTitle "EXT 2018"]
[Source "ChessBase"]
[SourceDate "2017.10.13"]
[SourceVersion "1"]
[SourceVersionDate "2017.10.13"]
[SourceQuality "1"]

1. Nf3 d5 2. d4 Nf6 3. c4 c6 4. Qc2 g6 5. g3 Bg7 6. Bg2 0-0 7. 0-0 dxc4 8. Qxc4 Qb6 9. Nbd2 Bf5 10. b3 Ne4 11. Nxe4 Bxe4 12. Bb2 Nd7 13. Rac1 a5 14. Nd2 Bxg2 15. Kxg2 e5 16. dxe5 Nxe5 17. Qc3 Qb4 18. Nf3 Qxc3 19. Bxc3 Nxf3 20. Bxg7 Nh4+ 21. Kh3 Kxg7 22. Kxh4 Rfe8 23. e3 a4 24. Rc4 axb3 25. axb3 Re5 26. Rb4 b5 27. Rc1 Ra2 28. Rxc6 Rxf2 29. h3 Rh5+ 0-1

[Event "GER-chA Seniors 27th"]
[Site "Magdeburg"]
[Date "2015.08.16"]
[Round "2"]
[White "Falk, Thomas"]
[Black "Wenske, Hardy"]
[Result "1-0"]
[WhiteElo "2056"]
[BlackElo "1786"]
[PlyCount "124"]
[EventDate "2015.08.15"]
[EventType "swiss"]
[EventRounds "9"]
[EventCountry "GER"]
[SourceTitle "EXT 2018"]
[Source "ChessBase"]
[SourceDate "2017.10.13"]
[SourceVersion "1"]
[SourceVersionDate "2017.10.13"]
[SourceQuality "1"]

1. Nf3 Nf6 2. c4 e6 3. g3 d5 4. d4 Be7 5. Bg2 Nbd7 6. b3 Bb4+ 7. Bd2 Bxd2+ 8. Nbxd2 c6 9. Qc2 0-0 10. 0-0 Re8 11. e4 dxe4 12. Nxe4 Nxe4 13. Qxe4 Nf6 14. Qf4 Re7 15. Rad1 Qa5 16. Rd2 Bd7 17. Rfd1 Be8 18. Ne5 Qc7 19. Qe3 Nd7 20. f4 f6 21. Nd3 Bh5 22. Re1 Rae8 23. Nf2 Nf8 24. Ne4 b6 25. b4 Bg6 26. c5 Bxe4 27. Qxe4 Rc8 28. Rc1 b5 29. Re1 f5 30. Qe5 Rd8 31. Qe2 Rde8 32. Qf3 Rc8 33. Qb3 Rce8 34. Re5 Ng6 35. Rxf5 Kh8 36. Rh5 Qd7 37. Be4 Nf8 38. Qd3 g6 39. Bxg6 Nxg6 40. Qxg6 Rg7 41. Qf6 Kg8 42. Rg5 Ree7 43. Re2 Rxg5 44. Qxg5+ Rg7 45. Qe5 Kf7 46. Qd6 Kf6 47. Qe5+ Kf7 48. Qd6 Kf6 49. Qe5+ Kf7 50. Rf2 Qd5 51. Re2 Qd7 52. Kf2 Rg6 53. Ke3 Rf6 54. g4 h6 55. Rf2 a6 56. h4 Qe7 57. f5 Ke8 58. Kd3 Kd7 59. Re2 h5 60. fxe6+ Rxe6 61. Qxe6+ Qxe6 62. Rxe6 Kxe6 1-0

[Event "EU-chT Seniors"]
[Site "Vienna"]
[Date "2015.07.20"]
[Round "9.10"]
[White "Falk, Thomas"]
[Black "Hohler, Peter"]
[Result "1/2-1/2"]
[WhiteElo "2101"]
[BlackElo "2141"]
[PlyCount "39"]
[EventDate "2015.07.12"]
[EventType "team-swiss"]
[EventRounds "9"]
[EventCountry "AUT"]
[SourceTitle "EXT 2018"]
[Source "ChessBase"]
[SourceDate "2017.10.13"]
[SourceVersion "1"]
[SourceVersionDate "2017.10.13"]
[SourceQuality "1"]
[WhiteTeam "Hessen II"]
[BlackTeam "Switzerland"]
[WhiteTeamCountry "GER"]
[BlackTeamCountry "SUI"]

1. Nf3 Nf6 2. g3 d5 3. d4 Bf5 4. Bg2 e6 5. 0-0 Be7 6. c4 c6 7. Qb3 Qb6 8. c5 Qxb3 9. axb3 0-0 10. Bf4 Nbd7 11. Nc3 h6 12. h4 Ne4 13. b4 a6 14. Ne5 Nxe5 15. dxe5 a5 16. Nxe4 Bxe4 17. Bd2 Bxg2 18. Kxg2 axb4 19. Bxb4 b5 20. e3 1/2-1/2

[Event "EU-chT Seniors"]
[Site "Vienna"]
[Date "2015.07.17"]
[Round "6.17"]
[White "Falk, Thomas"]
[Black "Juergens, Peter1111"]
[Result "1/2-1/2"]
[WhiteElo "2101"]
[BlackElo "1969"]
[PlyCount "41"]
[EventDate "2015.07.12"]
[EventType "team-swiss"]
[EventRounds "9"]
[EventCountry "AUT"]
[SourceTitle "EXT 2018"]
[Source "ChessBase"]
[SourceDate "2017.10.13"]
[SourceVersion "1"]
[SourceVersionDate "2017.10.13"]
[SourceQuality "1"]
[WhiteTeam "Hessen II"]
[BlackTeam "Niedersachsen Freibauer"]
[WhiteTeamCountry "GER"]
[BlackTeamCountry "GER"]

1. d4 Nf6 2. c4 e6 3. Nf3 b6 4. g3 Ba6 5. b3 Bb4+ 6. Bd2 Be7 7. Bg2 c6 8. Bc3 d5 9. Ne5 Nfd7 10. Nxd7 Nxd7 11. Nd2 Nf6 12. 0-0 0-0 13. e4 Rc8 14. Re1 Bb7 15. Rc1 c5 16. exd5 exd5 17. dxc5 Bxc5 18. Qf3 d4 19. Qxb7 dxc3 20. Ne4 Nxe4 21. Qxe4 1/2-1/2

[Event "Hessen-ch Seniors op 11th"]
[Site "Bad Sooden-Allendorf"]
[Date "2015.05.17"]
[Round "9"]
[White "Weidlich, Guenter"]
[Black "Falk, Thomas"]
[Result "1/2-1/2"]
[WhiteElo "2195"]
[BlackElo "2072"]
[PlyCount "40"]
[EventDate "2015.05.09"]
[EventType "swiss"]
[EventRounds "9"]
[EventCountry "GER"]
[SourceTitle "EXT 2018"]
[Source "ChessBase"]
[SourceDate "2017.10.13"]
[SourceVersion "1"]
[SourceVersionDate "2017.10.13"]
[SourceQuality "1"]

1. Nf3 Nf6 2. b3 d5 3. Bb2 c6 4. g3 Bf5 5. Bg2 e6 6. 0-0 Be7 7. c4 h6 8. Na3 0-0 9. d3 a5 10. Nc2 Bh7 11. Bc3 Qb6 12. Qd2 Rd8 13. Qe3 Nbd7 14. Qxb6 Nxb6 15. Nd2 Nfd7 16. Rfb1 Bf6 17. Bxf6 Nxf6 18. Rc1 Nbd7 19. d4 Rab8 20. Ne1 Rdc8 1/2-1/2

[Event "Hessen-ch Seniors op 11th"]
[Site "Bad Sooden-Allendorf"]
[Date "2015.05.12"]
[Round "4"]
[White "Falk, Thomas"]
[Black "Schumacher, Gottfried"]
[Result "1/2-1/2"]
[WhiteElo "2072"]
[BlackElo "2246"]
[PlyCount "34"]
[EventDate "2015.05.09"]
[EventType "swiss"]
[EventRounds "9"]
[EventCountry "GER"]
[SourceTitle "EXT 2018"]
[Source "ChessBase"]
[SourceDate "2017.10.13"]
[SourceVersion "1"]
[SourceVersionDate "2017.10.13"]
[SourceQuality "1"]

1. Nf3 c5 2. c4 g6 3. g3 Bg7 4. Bg2 Nf6 5. Nc3 d5 6. cxd5 Nxd5 7. 0-0 0-0 8. Nxd5 Qxd5 9. d3 Nc6 10. Be3 Qd6 11. Rc1 Nd4 12. Nxd4 cxd4 13. Bd2 a5 14. Qa4 Bd7 15. Qa3 Be5 16. Bxb7 Rab8 17. Bf3 Qxa3 1/2-1/2

[Event "GER-chT Seniors 23rd"]
[Site "Bergen"]
[Date "2014.09.07"]
[Round "7.2"]
[White "Falk, Thomas"]
[Black "Jung, Werner"]
[Result "1-0"]
[WhiteElo "2080"]
[BlackElo "2094"]
[PlyCount "67"]
[EventDate "2014.09.01"]
[EventType "team-swiss"]
[EventRounds "7"]
[EventCountry "GER"]
[SourceTitle "EXT 2018"]
[Source "ChessBase"]
[SourceDate "2017.10.13"]
[SourceVersion "1"]
[SourceVersionDate "2017.10.13"]
[SourceQuality "1"]

1. Nf3 f5 2. d4 g6 3. c4 Nf6 4. Nc3 Bg7 5. g3 0-0 6. Bg2 d6 7. 0-0 c6 8. d5 Na6 9. dxc6 bxc6 10. Nd4 d5 11. Nxc6 Qd6 12. Nxd5 Nxd5 13. Qxd5+ Be6 14. Qxe6+ Qxe6 15. Bd5 Nc7 16. Bxe6+ Nxe6 17. Nxe7+ Kf7 18. Nd5 Rfc8 19. Be3 Rxc4 20. Rac1 Rxc1 21. Rxc1 Bxb2 22. Rb1 Bg7 23. Rb7+ Kg8 24. Rxa7 Rd8 25. Nc7 Nd4 26. Bxd4 Bxd4 27. Ne6 Bxa7 28. Nxd8 Bb6 29. Nc6 Kf7 30. a4 Ke6 31. a5 Kd6 32. axb6 Kxc6 33. Kg2 Kxb6 34. Kf3 1-0